000 00525nam a2200193Ia 4500
005 20250508161713.0
008 008 250505s9999 xx 000 0 eng d
037 _aTextual
040 _aFEDL
_beng
_cFEDL
041 _aeng
_2eng
084 _a152, COH
_qFEDL
245 0 _aSensation and perception
260 _aChicago
_bRand McNally and Company
_c1969
300 _a76p.
490 _aEyewitness in psychology
_vPart 1.
650 _aPerception
942 _cTEXL
_h152, COH
999 _c1371636
_d1371636